000 01007cam a22002535a 4500
005 20091103014612.0
008 090911s2009 ii ab b 100 0 eng d
010 _aENG-95344
020 _a9788131307052
_c495.00
035 _aEN-78877
037 _aDBAD/PUB
040 _aDPL
_beng
082 _a488.02465
100 _aJameel Ahmad,
245 _aTeaching of scientific English :
_cby Jameel Ahmad
_ban EST approach /
260 _aNew Delhi :
_bAPH Publishing Corporation
_c2010
270 _a4435-36/7. Ansari road, Darya Ganj
_bNew Delhi
_e110002
300 _axii,166p.
_c22 cm. (Hb)
500 _aIncludes bibliographical references
520 _aContributed articles.
942 _2ddc
_cEN
_mJAM
_h488.02465
999 _c31430
_d31430